[Event "Stuttgart - Kreuzberg"]
[Site "BL 0203"]
[Date "2003.02.08"]
[Round "10.6"]
[White "Duppel, Matthias"]
[Black "Volke, Karsten"]
[Result "0-1"]
[WhiteElo "2440"]
[BlackElo "2457"]
[PlyCount "124"]
[EventDate "2003.??.??"]

1. d4 Nf6 2. c4 e6 3. Nc3 Bb4 4. Qc2 O-O 5. a3 Bxc3+ 6. Qxc3 b5 7. cxb5 c6 8.
f3 Nd5 9. Qd3 f5 10. e4 Nc7 11. a4 Bb7 12. e5 cxb5 13. axb5 a6 14. Nh3 Nxb5 15.
Bg5 Qb6 16. Be7 Rc8 17. Bc5 Rxc5 18. dxc5 Qxc5 19. Be2 Nd4 20. Rd1 Nbc6 21. Rd2
Rc8 22. Bd1 Qxe5+ 23. Kf2 Qc5 24. Qe3 e5 25. Re1 f4 26. Qc3 Qb6 27. Kf1 Na5 28.
Qd3 Nc4 29. Rf2 h6 30. b3 Ne3+ 31. Kg1 Rc1 32. Qd2 Rb1 33. Kh1 a5 34. Ng1 Qb4
35. Qxb4 axb4 36. Rd2 Bc6 37. Nh3 g5 38. Nf2 Kg7 39. Nd3 Kf6 40. Kg1 Nxb3 41.
Bxb3 Rxb3 42. Nc5 Rc3 43. Nxd7+ Bxd7 44. Rxd7 b3 45. Rd6+ Ke7 46. Rb6 Nc4 47.
Rb8 b2 48. Kf2 Kd6 49. Re2 Kc5 50. Rbxb2 Nxb2 51. Rxb2 Kd4 52. Rd2+ Rd3 53. Re2
h5 54. h3 Kd5 55. Ra2 Rb3 56. Ra5+ Kd4 57. Ra4+ Kd3 58. Re4 Rb2+ 59. Kf1 Rb1+
60. Kf2 g4 61. hxg4 hxg4 62. Rxe5 g3# 0-1

[Event "Stuttgart - Kreuzberg"]
[Site "BL 0203"]
[Date "2003.02.08"]
[Round "10.7"]
[White "Muse, Drazen"]
[Black "Bunzmann, Dimitri"]
[Result "1/2-1/2"]
[WhiteElo "2442"]
[BlackElo "2498"]
[PlyCount "101"]
[EventDate "2003.??.??"]

1. Nf3 Nf6 2. c4 e6 3. Nc3 b6 4. g3 Bb7 5. Bg2 Be7 6. O-O c5 7. b3 O-O 8. Bb2
a6 9. d4 cxd4 10. Qxd4 d6 11. Rfd1 Nbd7 12. Qe3 Qc7 13. Rac1 Rfe8 14. h3 Rac8
15. Na4 Bc6 16. Nd4 Bxa4 17. bxa4 Nc5 18. a5 bxa5 19. Nc6 a4 20. Nxe7+ Qxe7 21.
Qd2 Red8 22. Qa5 Rd7 23. Rd4 Qd8 24. Qxd8+ Rdxd8 25. Rcd1 Ne8 26. e4 Rb8 27.
Ba3 e5 28. Rd5 Rdc8 29. f4 f6 30. h4 Kf8 31. Bh3 Rc7 32. Bxc5 Rxc5 33. Rxc5
dxc5 34. Rd7 Rb6 35. h5 Nd6 36. Rd8+ Ke7 37. Rd7+ Ke8 38. Rxg7 Rb7 39. Rxb7
Nxb7 40. h6 Nd6 41. Bf5 Nf7 42. Bxh7 Nxh6 43. fxe5 fxe5 44. Bf5 Ke7 45. Kf2 Nf7
46. Ke3 a5 47. Kd3 Nd6 48. Bg4 Kf6 49. Bf3 Kg5 50. Kc3 Nb7 51. Kd3 1/2-1/2

[Event "Stuttgart - Kreuzberg"]
[Site "BL 0203"]
[Date "2003.02.08"]
[Round "10.8"]
[White "Heinatz, Thomas"]
[Black "Loeffler, Stefan"]
[Result "1-0"]
[WhiteElo "2315"]
[BlackElo "2398"]
[PlyCount "97"]
[EventDate "2003.??.??"]

1. e4 Nf6 2. e5 Nd5 3. d4 d6 4. Nf3 dxe5 5. Nxe5 c6 6. Bd3 Nd7 7. O-O Nxe5 8.
dxe5 Nb4 9. Be4 Qxd1 10. Rxd1 Be6 11. Nc3 f5 12. a3 Na6 13. Bf3 Nc5 14. Re1 a5
15. b3 g6 16. Bb2 Bg7 17. Ne2 Bd5 18. Bxd5 cxd5 19. Nf4 e6 20. Bd4 Bh6 21. Nxd5
Rc8 22. Nb6 Rc6 23. Nc4 Ne4 24. Re2 a4 25. f3 Nd2 26. Nd6+ Ke7 27. bxa4 Ra8 28.
Nxb7 Rxc2 29. Kf2 Rac8 30. Nd6 R8c6 31. Rae1 Nb3 32. Ba7 Nc1 33. Rxc2 Rxc2+ 34.
Kf1 Nd3 35. Rb1 Nxe5 36. Bb8 Nd7 37. Rb7 Be3 38. Nb5 Rf2+ 39. Ke1 Rxg2 40. a5
Ra2 41. a6 e5 42. Bxe5 Ke6 43. Bd6 Rb2 44. Bf4 Bxf4 45. Nd4+ Kd5 46. Rxb2 Nc5
47. a7 Nd3+ 48. Kf1 Nxb2 49. Ne2 1-0

[Event "Baden Oos - Neukoelln"]
[Site "BL 0203"]
[Date "2003.02.08"]
[Round "10.3"]
[White "Berndt, Stephan"]
[Black "Dautov, Rustem"]
[Result "1/2-1/2"]
[WhiteElo "2482"]
[BlackElo "2617"]
[PlyCount "98"]
[EventDate "2003.??.??"]

1. e4 c6 2. d4 d5 3. exd5 cxd5 4. c4 Nf6 5. Nc3 e6 6. Nf3 Bb4 7. Bd3 dxc4 8.
Bxc4 O-O 9. O-O a6 10. Bg5 b5 11. Bd3 Be7 12. Rc1 Bb7 13. Bb1 Nbd7 14. Re1 Rc8
15. a3 Re8 16. Qd3 Nf8 17. Ne5 Nd5 18. Bd2 Nxc3 19. Bxc3 Bd6 20. Qh3 Qg5 21.
Rcd1 Red8 22. f4 Qxf4 23. Rf1 Bxe5 24. Rxf4 Bxf4 25. Rf1 Bh6 26. Qh4 Rd7 27.
Be4 Ng6 28. Qe1 Bxe4 29. Qxe4 Ne7 30. Bb4 Nf5 31. Bc5 Be3+ 32. Kh1 Bxd4 33. Rd1
h5 34. g4 Rxc5 35. gxf5 e5 36. Qa8+ Kh7 37. Qxa6 e4 38. Qa8 e3 39. Qf3 Re5 40.
Qxh5+ Kg8 41. Qg4 Bb6 42. Re1 f6 43. Qf3 Rdd5 44. Qh5 Rxf5 45. Qe8+ Kh7 46. Rg1
Rg5 47. Qe4+ Kh6 48. Qh4+ Kg6 49. Qe4+ Kh6 1/2-1/2

[Event "Baden Oos - Neukoelln"]
[Site "BL 0203"]
[Date "2003.02.08"]
[Round "10.5"]
[White "Borriss, Martin Dr"]
[Black "Schenk, Andreas"]
[Result "1/2-1/2"]
[WhiteElo "2442"]
[BlackElo "2479"]
[PlyCount "120"]
[EventDate "2003.??.??"]

1. e4 e6 2. d4 d5 3. Nc3 Nf6 4. e5 Nfd7 5. f4 c5 6. Nf3 Nc6 7. Be3 cxd4 8. Nxd4
Bc5 9. Qd2 O-O 10. O-O-O a6 11. h4 Nxd4 12. Bxd4 b5 13. Rh3 b4 14. Na4 Bxd4 15.
Qxd4 a5 16. Bb5 Rb8 17. Bd3 Nb6 18. Nc5 Nd7 19. Na4 Nb6 20. Nc5 Nd7 21. g4 Qb6
22. Nxd7 Bxd7 23. Qxb6 Rxb6 24. g5 Bb5 25. Kd2 Rc8 26. Rc1 Bc4 27. b3 Bxd3 28.
Rxd3 Rbc6 29. c4 Kf8 30. Rd4 Rc5 31. Kd3 Ke7 32. h5 f6 33. gxf6+ gxf6 34. Rg1
Rf8 35. h6 fxe5 36. fxe5 dxc4+ 37. bxc4 Rxe5 38. Rg7+ Kf6 39. Rxh7 Rf5 40. Rc7
Kg6 41. Rh4 Rd8+ 42. Ke4 Kf6 43. Ke3 Re5+ 44. Re4 a4 45. Rb7 Rh8 46. Rxb4 Rxh6
47. Rxa4 Rh4 48. Rxe5 Kxe5 49. Ra5+ Kd6 50. Kd3 Rh3+ 51. Kd4 Rh4+ 52. Kc3 Rh1
53. Ra6+ Kc5 54. Ra5+ Kc6 55. Re5 Kd6 56. Re2 Kc5 57. Re5+ Kd6 58. Re4 Kc5 59.
a3 Rc1+ 60. Kb3 Rb1+ 1/2-1/2

[Event "Baden Oos - Neukoelln"]
[Site "BL 0203"]
[Date "2003.02.08"]
[Round "10.6"]
[White "Schlosser, Philipp"]
[Black "Poldauf, Dirk"]
[Result "0-1"]
[WhiteElo "2534"]
[BlackElo "2410"]
[PlyCount "68"]
[EventDate "2003.??.??"]

1. Nf3 Nf6 2. c4 g6 3. Nc3 Bg7 4. e4 d6 5. d4 O-O 6. Be2 e5 7. O-O Na6 8. Re1
c6 9. Bf1 Bg4 10. d5 Ne8 11. h3 Bd7 12. dxc6 Bxc6 13. Rb1 Nac7 14. b4 b6 15. a4
f5 16. Ba3 Ne6 17. Nd2 Kh8 18. Nb3 Ng5 19. Nd2 Nf6 20. exf5 gxf5 21. c5 Rg8 22.
Re3 f4 23. Rd3 e4 24. Rxd6 Qe8 25. Kh2 e3 26. Nc4 f3 27. fxe3 fxg2 28. Bxg2
Bxg2 29. Kxg2 Nge4 30. Bb2 Nxc3 31. Bxc3 Qe4+ 32. Kh2 Qxc4 33. Bxf6 Bxf6 34.
Rxf6 Qa2+ 0-1

[Event "Baden Oos - Neukoelln"]
[Site "BL 0203"]
[Date "2003.02.08"]
[Round "10.7"]
[White "Thiede, Lars"]
[Black "Schmaltz, Roland"]
[Result "1/2-1/2"]
[WhiteElo "2416"]
[BlackElo "2529"]
[PlyCount "141"]
[EventDate "2003.??.??"]

1. g3 Nf6 2. c4 e6 3. Bg2 c5 4. Nf3 Nc6 5. O-O Be7 6. b3 O-O 7. Bb2 d6 8. Nc3
a6 9. d3 Rb8 10. e4 b5 11. h3 bxc4 12. dxc4 Ne8 13. e5 dxe5 14. Qxd8 Bxd8 15.
Ne4 f6 16. Nxc5 Be7 17. Na4 Nd6 18. Rfd1 Nb4 19. Nxe5 Rd8 20. c5 Nb5 21. a3
Nxa3 22. Bxa3 fxe5 23. c6 Rxd1+ 24. Rxd1 Nxc6 25. Bxc6 Bxa3 26. Rd8+ Kf7 27.
Bd7 Bxd7 28. Rxb8 Bb5 29. Nb6 Bc5 30. Nc4 Kf6 31. Rc8 Bd4 32. Rc7 e4 33. Kg2 h5
34. Nd6 Bd3 35. Rd7 g6 36. Nc4 Bc3 37. Ra7 Bc2 38. Rxa6 Bxb3 39. Ra3 Bxc4 40.
Rxc3 Be2 41. Rc5 Bd3 42. Rc3 Kf5 43. Rc8 Kf6 44. Kg1 Be2 45. Rd8 Bb5 46. Rb8
Be2 47. Rb3 Kf5 48. Ra3 Bc4 49. Ra4 Be2 50. Kg2 Bd3 51. Ra5+ Kf6 52. g4 hxg4
53. h4 Be2 54. Kg3 e5 55. Ra2 Bf3 56. Ra6+ Kf5 57. Rb6 Be2 58. Rb8 Kf6 59. Rh8
Kg7 60. Re8 Kf6 61. Kg2 Bd3 62. Rb8 Be2 63. Rb2 Bd3 64. Kg3 Kf5 65. Rd2 Bc4 66.
Rd8 Be2 67. Rh8 Kf6 68. h5 gxh5 69. Rxh5 Bf3 70. Rh8 Kg5 71. Rg8+ 1/2-1/2

[Event "Baden Oos - Neukoelln"]
[Site "BL 0203"]
[Date "2003.02.08"]
[Round "10.8"]
[White "Keitlinghaus, Ludger"]
[Black "Rudolf, Henrik"]
[Result "1/2-1/2"]
[WhiteElo "2500"]
[BlackElo "2348"]
[PlyCount "95"]
[EventDate "2003.??.??"]

1. e4 g6 2. d4 d6 3. Nf3 Nf6 4. Nc3 Bg7 5. Be2 O-O 6. O-O c6 7. h3 Nbd7 8. e5
Ne8 9. Bc4 Nc7 10. exd6 exd6 11. Bg5 Nf6 12. Qd2 Be6 13. Bd3 Qd7 14. Rfe1 Rfe8
15. Bf4 Ncd5 16. Bh6 Nxc3 17. Bxg7 Kxg7 18. Qxc3 Bd5 19. Nh2 h5 20. Qd2 Rxe1+
21. Rxe1 Re8 22. c4 Rxe1+ 23. Qxe1 Be6 24. Be2 c5 25. Qc3 Qe7 26. Bf3 b6 27.
Nf1 d5 28. Qa3 dxc4 29. Ne3 Kf8 30. dxc5 bxc5 31. Qc3 Kg8 32. Kf1 Nd7 33. Be2
Nb6 34. Qe5 f6 35. Qe4 Kf7 36. Nxc4 Bxc4 37. Bxc4+ Nxc4 38. Qxc4+ Kg7 39. Qa6
Qd7 40. Ke2 g5 41. a4 Qe7+ 42. Kd2 Qd7+ 43. Kc1 Qe7 44. Kb1 Qd7 45. Ka2 Qd5+
46. Ka3 Kg6 47. f3 Qd2 48. Qxa7 1/2-1/2

[Event "Porz - Luebeck"]
[Site "BL 0203"]
[Date "2003.02.08"]
[Round "10.5"]
[White "Epishin, Vladimir"]
[Black "Andersson, Ulf"]
[Result "1/2-1/2"]
[WhiteElo "2628"]
[BlackElo "2599"]
[PlyCount "40"]
[EventDate "2003.??.??"]

1. d4 Nf6 2. c4 e6 3. Nf3 Bb4+ 4. Bd2 Bxd2+ 5. Nbxd2 d6 6. e4 O-O 7. Bd3 e5 8.
O-O Bg4 9. Qb3 Nbd7 10. Bc2 Rb8 11. Qa3 a6 12. b4 exd4 13. Nxd4 c5 14. bxc5
Nxc5 15. Rab1 Qc7 16. Rfe1 Ne6 17. Nxe6 Bxe6 18. Bb3 Nd7 19. Re2 Qc5 20. Qb2
Ne5 1/2-1/2

[Event "Porz - Luebeck"]
[Site "BL 0203"]
[Date "2003.02.08"]
[Round "10.7"]
[White "Speelman, Jonathan"]
[Black "Hansen, Curt"]
[Result "0-1"]
[WhiteElo "2583"]
[BlackElo "2610"]
[PlyCount "132"]
[EventDate "2003.??.??"]

1. Nf3 Nf6 2. c4 e6 3. Nc3 d5 4. d4 c6 5. e3 Nbd7 6. Qc2 Bd6 7. Bd3 O-O 8. O-O
dxc4 9. Bxc4 a6 10. Bd2 c5 11. Bd3 h6 12. Rfd1 cxd4 13. exd4 b6 14. Ne4 Be7 15.
Ne5 Bb7 16. Nc6 Qe8 17. Bf4 Rc8 18. Nxe7+ Qxe7 19. Bd6 Rxc2 20. Bxe7 Bxe4 21.
Bxc2 Bxc2 22. Rd2 Be4 23. Bxf8 Kxf8 24. f3 Bd5 25. Rc2 Ke7 26. Rc7 a5 27. Kf2
Ne8 28. Rc2 Nb8 29. a3 Nc6 30. Ke3 Nd6 31. g4 Nb5 32. Rd2 Nd6 33. Rc2 Nb5 34.
Rd2 a4 35. h4 Nd6 36. Rf2 Nc4+ 37. Kd3 b5 38. Kc3 Nb6 39. Re1 Bc4 40. f4 Nd5+
41. Kd2 Nxd4 42. f5 Nb3+ 43. Kc2 Nc5 44. Rf3 f6 45. fxe6 Nxe6 46. g5 hxg5 47.
hxg5 fxg5 48. Kd2 Ndf4 49. Kc3 Kf6 50. Rg1 Kf5 51. Kb4 g4 52. Rfg3 Be2 53. b3
axb3 54. Rxb3 Nd4 55. Rbb1 Nf3 56. Rgd1 Bxd1 57. Rxd1 g3 58. Kxb5 g2 59. a4
g1=Q 60. Rxg1 Nxg1 61. a5 Nd5 62. Kc5 Ke6 63. a6 Nc7 64. a7 Kd7 65. Kd4 Nf3+
66. Ke4 Ng5+ 0-1

[Event "Godesberg - Hamburg"]
[Site "BL 0203"]
[Date "2003.02.08"]
[Round "10.1"]
[White "Ftacnik, Dr. Lubomir"]
[Black "Breder, Dennis"]
[Result "1/2-1/2"]
[WhiteElo "2603"]
[BlackElo "2440"]
[PlyCount "111"]
[EventDate "2003.??.??"]

1. Nf3 c5 2. c4 Nc6 3. Nc3 Nd4 4. Ng1 Nc6 5. e3 Nf6 6. Nf3 e6 7. d4 d5 8. a3 a6
9. dxc5 Bxc5 10. b4 Ba7 11. Bb2 O-O 12. Qc2 Qe7 13. Rd1 Rd8 14. Be2 dxc4 15.
Rxd8+ Nxd8 16. Ne4 Nxe4 17. Qxe4 Bd7 18. Bxc4 Bc6 19. Qg4 f6 20. O-O Bb5 21.
Bxb5 axb5 22. Nd2 Rc8 23. Nb1 Bb8 24. Qh5 f5 25. Bd4 Nf7 26. Qe2 Qc7 27. f4 Qc4
28. Nc3 Qxe2 29. Nxe2 Nd6 30. Rd1 Nc4 31. g3 Nxa3 32. Bc5 Nc4 33. Rd7 b6 34.
Bd4 e5 35. fxe5 Bxe5 36. Bxe5 Nxe5 37. Rd5 Ng4 38. Rxb5 Rc2 39. Nd4 Rc1+ 40.
Kg2 Nxe3+ 41. Kf3 Nc2 42. Nxc2 Rxc2 43. h4 Rc6 44. Rxf5 g6 45. Re5 Kf7 46. g4
Rc3+ 47. Kf4 Rc4+ 48. Re4 g5+ 49. hxg5 Rxe4+ 50. Kxe4 Kg6 51. b5 Kxg5 52. Kf3
Kf6 53. Kf4 h6 54. Kg3 Kg5 55. Kf3 Kg6 56. Kf4 1/2-1/2

[Event "Godesberg - Hamburg"]
[Site "BL 0203"]
[Date "2003.02.08"]
[Round "10.2"]
[White "Sprenger, Jan-Michael"]
[Black "Gustafsson, Jan"]
[Result "1/2-1/2"]
[WhiteElo "2430"]
[BlackElo "2554"]
[PlyCount "108"]
[EventDate "2003.??.??"]

1. e4 e5 2. Nf3 Nf6 3. Nxe5 d6 4. Nf3 Nxe4 5. Qe2 Qe7 6. d3 Nf6 7. Bg5 Nbd7 8.
Nc3 Qxe2+ 9. Bxe2 h6 10. Bf4 g6 11. O-O-O Bg7 12. d4 O-O 13. h3 Nb6 14. Rhe1
Bd7 15. Bb5 Bxb5 16. Nxb5 Nbd5 17. Bd2 a6 18. Nc3 b5 19. Nxd5 Nxd5 20. c3 Rfe8
21. Rxe8+ Rxe8 22. Re1 Rc8 23. Kc2 Nb6 24. Re2 g5 25. Ne1 f6 26. Nd3 a5 27. f4
Kf7 28. g4 Nd5 29. Re1 Bf8 30. fxg5 hxg5 31. Rf1 Ke6 32. Nf2 Be7 33. Ne4 Rh8
34. Rf3 a4 35. Kd3 Nb6 36. Be3 d5 37. Nd2 Bd6 38. b3 axb3 39. axb3 Ra8 40. Rf1
Ra3 41. Rh1 b4 42. h4 gxh4 43. Rxh4 bxc3 44. Kxc3 Ra1 45. g5 Rc1+ 46. Kd3 fxg5
47. Bxg5 Nc8 48. Nf3 Rf1 49. Rh6+ Kf7 50. Ne5+ Kg7 51. Rg6+ Kh7 52. Rh6+ Kg7
53. Rg6+ Kh7 54. Rh6+ Kg7 1/2-1/2

[Event "Godesberg - Hamburg"]
[Site "BL 0203"]
[Date "2003.02.08"]
[Round "10.3"]
[White "Hansen, Sune Berg"]
[Black "Langheinrich, Ferenc"]
[Result "1-0"]
[WhiteElo "2555"]
[BlackElo "2363"]
[PlyCount "63"]
[EventDate "2003.??.??"]

1. e4 c5 2. Nf3 d6 3. Bc4 e6 4. O-O Nf6 5. Re1 Nc6 6. Bb3 Be7 7. c3 O-O 8. d4
b5 9. Qe2 b4 10. e5 Nd5 11. c4 Nb6 12. exd6 Bxd6 13. dxc5 Bxc5 14. Nbd2 Bb7 15.
Bc2 Nd4 16. Nxd4 Qxd4 17. Nb3 Qd6 18. Na5 Ba6 19. Bg5 Rac8 20. Rad1 Qc7 21. Qe4
g6 22. Bf4 Bxf2+ 23. Kxf2 Qc5+ 24. Be3 Qxa5 25. b3 Rfd8 26. Kg1 h5 27. Qh4 Rxd1
28. Rxd1 Kg7 29. Qe7 Nd5 30. Bd4+ Kg8 31. cxd5 Qxd5 32. Qf6 1-0

[Event "Godesberg - Hamburg"]
[Site "BL 0203"]
[Date "2003.02.08"]
[Round "10.4"]
[White "Seger, Ruediger"]
[Black "Wahls, Matthias"]
[Result "1/2-1/2"]
[WhiteElo "2406"]
[BlackElo "2539"]
[PlyCount "48"]
[EventDate "2003.??.??"]

1. e4 c5 2. c3 Nf6 3. e5 Nd5 4. d4 cxd4 5. Nf3 e6 6. cxd4 d6 7. a3 Bd7 8. Bd3
Bc6 9. O-O Nd7 10. b4 a6 11. Re1 Rc8 12. Nbd2 dxe5 13. dxe5 Nc3 14. Qc2 Bd5 15.
Nc4 Bxc4 16. Qxc3 Bd5 17. Qd2 Bxf3 18. gxf3 Be7 19. f4 Nb6 20. Be4 Qc7 21. Qd3
Nc4 22. Be3 g6 23. Rec1 b5 24. a4 Qd8 1/2-1/2

[Event "Godesberg - Hamburg"]
[Site "BL 0203"]
[Date "2003.02.08"]
[Round "10.5"]
[White "Moreno Carnero, Javier"]
[Black "Jackelen, Thomas"]
[Result "1/2-1/2"]
[WhiteElo "2503"]
[BlackElo "2415"]
[PlyCount "49"]
[EventDate "2003.??.??"]

1. e4 e6 2. d4 d5 3. Nc3 Nf6 4. Bg5 dxe4 5. Nxe4 Be7 6. Bxf6 Bxf6 7. Nf3 Nd7 8.
Bc4 a6 9. Qe2 O-O 10. O-O c5 11. Rfd1 cxd4 12. Nxd4 Qc7 13. Bb3 Be5 14. h3 Nc5
15. Nxc5 Qxc5 16. c3 Bc7 17. Bc2 g6 18. Be4 Rb8 19. Bf3 Bd7 20. Nb3 Qe7 21. Qc4
Rfc8 22. Qd4 Be8 23. a4 b6 24. Qd3 a5 25. Nd4 1/2-1/2

[Event "Godesberg - Hamburg"]
[Site "BL 0203"]
[Date "2003.02.08"]
[Round "10.6"]
[White "Heinbuch, Detlef"]
[Black "Heinemann, Thies"]
[Result "1/2-1/2"]
[WhiteElo "2365"]
[BlackElo "2437"]
[PlyCount "63"]
[EventDate "2003.??.??"]

1. c4 c5 2. g3 Nc6 3. Bg2 g6 4. Nc3 Bg7 5. e4 e6 6. Nge2 Nge7 7. O-O O-O 8. a3
d6 9. Rb1 b6 10. d3 Bb7 11. Be3 Nd4 12. b4 Qd7 13. Qd2 Rfd8 14. Bg5 Re8 15.
Nxd4 cxd4 16. Ne2 Rac8 17. Rfc1 Rc7 18. Bf4 Rec8 19. Qb2 e5 20. Bd2 b5 21. cxb5
Qxb5 22. Qb3 Rxc1+ 23. Nxc1 Bc6 24. Bf1 a6 25. Qb2 Bd7 26. Nb3 Qa4 27. Be2 Be6
28. Bd1 Qb5 29. Be2 f5 30. f3 h6 31. Rc1 Rxc1+ 32. Bxc1 1/2-1/2

[Event "Godesberg - Hamburg"]
[Site "BL 0203"]
[Date "2003.02.08"]
[Round "10.7"]
[White "Reeh, Oliver"]
[Black "Schmidt, Bodo"]
[Result "1-0"]
[WhiteElo "2423"]
[BlackElo "2360"]
[PlyCount "139"]
[EventDate "2003.??.??"]

1. e4 e6 2. d4 d5 3. Nc3 Bb4 4. e5 c5 5. Bd2 Nh6 6. a3 Bxc3 7. bxc3 Nf5 8. Nf3
b6 9. Bb5+ Bd7 10. Bd3 Nh4 11. dxc5 bxc5 12. O-O c4 13. Nxh4 Qxh4 14. Be2 O-O
15. f4 Qe7 16. a4 f5 17. Bc1 Rc8 18. Ba3 Qe8 19. g4 fxg4 20. Bxg4 Nc6 21. Rf3
Ne7 22. Rg3 Nf5 23. Bxf5 exf5 24. Bd6 Be6 25. Rb1 Rd8 26. a5 Rd7 27. Kf2 h6 28.
Qf3 Kh7 29. Rbg1 Qf7 30. Qg2 Rg8 31. Rg6 Rb7 32. Ke3 a6 33. Kd2 Rb5 34. Qf2 Qd7
35. Qh4 Rb2 36. Ba3 Ra2 37. Qe7 Qxe7 38. Bxe7 Bf7 39. Rxa6 Rb8 40. Bb4 d4 41.
Ra7 Bg6 42. Ra6 Be8 43. Rb6 Rd8 44. Rd6 Rxd6 45. exd6 d3 46. Rc1 g5 47. Ke3
dxc2 48. Kd4 Kg6 49. Kxc4 Ba4 50. Kd3 Kf6 51. c4 Ke6 52. Re1+ Kd7 53. fxg5 hxg5
54. c5 Bc6 55. Re7+ Kd8 56. Bd2 Be4+ 57. Kd4 Ra1 58. Bxg5 c1=Q 59. Bxc1 Rxc1
60. a6 Rd1+ 61. Ke3 Rd3+ 62. Kf4 Rf3+ 63. Ke5 Rh3 64. a7 Rxh2 65. Rg7 Re2 66.
Kf6 Ra2 67. Ke6 Bc6 68. Rg8+ Be8 69. c6 Re2+ 70. Kf6 1-0

[Event "Godesberg - Hamburg"]
[Site "BL 0203"]
[Date "2003.02.08"]
[Round "10.8"]
[White "Luetke, Jens"]
[Black "Helm, Leonie"]
[Result "1-0"]
[WhiteElo "2299"]
[BlackElo "2235"]
[PlyCount "115"]
[EventDate "2003.??.??"]

1. e4 c5 2. Nf3 Nc6 3. Bb5 g6 4. O-O Bg7 5. Re1 Nf6 6. c3 O-O 7. d4 cxd4 8.
cxd4 d5 9. e5 Ne4 10. Nc3 Nxc3 11. bxc3 Na5 12. a4 Qc7 13. Ba3 Rd8 14. Ng5 h6
15. e6 hxg5 16. exf7+ Kxf7 17. Rxe7+ Qxe7 18. Bxe7 Kxe7 19. Qf3 Bf6 20. Re1+
Kf7 21. h4 gxh4 22. Qf4 Nc6 23. Re3 Bf5 24. a5 a6 25. Bd3 Bxd3 26. Qc7+ Ne7 27.
Rxd3 Rab8 28. Rf3 Kg7 29. Re3 Kf7 30. Qb6 Nc6 31. Qc7+ Ne7 32. Rf3 Kg7 33. g4
hxg3 34. fxg3 Rf8 35. Kg2 Rfe8 36. g4 Rf8 37. g5 Bxg5 38. Qe5+ Kg8 39. Qxg5
Rxf3 40. Kxf3 Rf8+ 41. Kg4 Rf7 42. Qe5 Nc6 43. Qxd5 Kg7 44. Qd6 Rf6 45. Qc7+
Rf7 46. Qc8 Kh7 47. d5 Ne5+ 48. Kg3 Kg7 49. c4 Rf3+ 50. Kg2 Rf7 51. c5 Nc4 52.
Qe6 Nxa5 53. Qe1 Rd7 54. Qc3+ Kf8 55. Qh8+ Ke7 56. Qg7+ Kd8 57. Qf8+ Kc7 58.
d6+ 1-0

[Event "Tegernsee - Wattenscheid"]
[Site "BL 0203"]
[Date "2003.02.09"]
[Round "11.2"]
[White "Sokolov, Andrei"]
[Black "Rustemov, Alexander"]
[Result "1/2-1/2"]
[WhiteElo "2587"]
[BlackElo "2597"]
[PlyCount "68"]
[EventDate "2003.??.??"]

1. e4 e6 2. d4 d5 3. Nc3 Bb4 4. e5 c5 5. a3 Bxc3+ 6. bxc3 Ne7 7. Qg4 O-O 8. Bd3
Qa5 9. Bd2 Nbc6 10. Nf3 f5 11. exf6 Rxf6 12. Qh5 Nf5 13. c4 Qa4 14. cxd5 Ncxd4
15. Ng5 h6 16. Ne4 Rf8 17. O-O b6 18. Nc3 Qe8 19. Qxe8 Rxe8 20. a4 Bd7 21. dxe6
Bxe6 22. Nb5 Re7 23. Bc3 Nxb5 24. axb5 Nd6 25. Be5 Nc4 26. Rfe1 Rae8 27. Bc3
Nd6 28. f4 Bc4 29. Rxe7 Rxe7 30. Be5 Bxd3 31. Bxd6 Rd7 32. cxd3 Rxd6 33. Rxa7
Rxd3 34. Rb7 Rd6 1/2-1/2

[Event "Tegernsee - Wattenscheid"]
[Site "BL 0203"]
[Date "2003.02.09"]
[Round "11.4"]
[White "Boensch, Uwe"]
[Black "Appel, Ralf"]
[Result "1/2-1/2"]
[WhiteElo "2540"]
[BlackElo "2503"]
[PlyCount "88"]
[EventDate "2003.??.??"]

1. d4 Nf6 2. c4 c6 3. Nc3 d5 4. e3 g6 5. Nf3 Bg7 6. Bd3 O-O 7. O-O a6 8. b3 b5
9. Bb2 Nbd7 10. Rc1 Bb7 11. cxd5 cxd5 12. a4 b4 13. Nb1 Qb6 14. Ne5 Nxe5 15.
dxe5 Nd7 16. Bd4 Qa5 17. f4 Rac8 18. Rf2 Nc5 19. Rfc2 Ne6 20. Be2 Rxc2 21. Rxc2
Rc8 22. Rxc8+ Bxc8 23. Qc1 Bb7 24. Nd2 g5 25. fxg5 Nxd4 26. exd4 Qb6 27. Nf3
Bxe5 28. Qe3 Bd6 29. Ne5 Qc7 30. Qf4 Bxe5 31. Qxe5 Qxe5 32. dxe5 a5 33. Kf2 d4
34. Bf3 Ba6 35. Be4 Bc8 36. Bd5 Bf5 37. Kf3 Bc2 38. h4 Kg7 39. Kf4 f6 40. gxf6+
exf6 41. exf6+ Kxf6 42. g4 h6 43. Bc4 Kg7 44. Bd5 Kf6 1/2-1/2

[Event "Tegernsee - Wattenscheid"]
[Site "BL 0203"]
[Date "2003.02.09"]
[Round "11.5"]
[White "Handke, Florian"]
[Black "Teske, Henrik"]
[Result "1/2-1/2"]
[WhiteElo "2504"]
[BlackElo "2527"]
[PlyCount "30"]
[EventDate "2003.??.??"]

1. e4 c5 2. Nf3 Nc6 3. d4 cxd4 4. Nxd4 Qc7 5. Nc3 e6 6. Be3 a6 7. Qd2 Nf6 8.
O-O-O Bb4 9. f3 Ne5 10. Nb3 b5 11. Bd4 Bb7 12. Kb1 Be7 13. Qf2 O-O 14. g4 b4
15. g5 bxc3 1/2-1/2

[Event "Tegernsee - Wattenscheid"]
[Site "BL 0203"]
[Date "2003.02.09"]
[Round "11.6"]
[White "Hertneck, Gerald"]
[Black "Holzke, Frank"]
[Result "1-0"]
[WhiteElo "2502"]
[BlackElo "2479"]
[PlyCount "105"]
[EventDate "2003.??.??"]

1. e4 e5 2. Nf3 Nc6 3. d4 exd4 4. Nxd4 Nf6 5. Nxc6 bxc6 6. e5 Qe7 7. Qe2 Nd5 8.
c4 Nb6 9. g3 Qe6 10. b3 a5 11. Bg2 a4 12. Bb2 Bb4+ 13. Nd2 O-O 14. O-O d5 15.
Nf3 Qg6 16. Nh4 Qg4 17. Bf3 Qd7 18. Rfd1 axb3 19. axb3 Rxa1 20. Bxa1 Qe7 21.
Bg4 dxc4 22. Bxc8 Rxc8 23. Nf5 Qg5 24. Qe4 Rd8 25. Rf1 Qg6 26. bxc4 Qe6 27. Nd4
Qxc4 28. e6 fxe6 29. Qe5 Bc3 30. Bxc3 Qxc3 31. Qxe6+ Kh8 32. Nxc6 Ra8 33. Ne5
h6 34. h4 Qd4 35. h5 Qd5 36. Nf7+ Kg8 37. Nxh6+ Kh8 38. Nf7+ Kg8 39. Ng5+ Qxe6
40. Nxe6 Ra5 41. g4 Nd5 42. Rc1 Ra4 43. f3 Ra2 44. Rc5 Rd2 45. Ng5 Kf8 46. Ne4
Rd3 47. Kf2 Ke7 48. Rc6 Rb3 49. Rg6 Kf7 50. Rg5 Rd3 51. Rf5+ Kg8 52. Nc5 Rd1
53. Ne6 1-0

[Event "Tegernsee - Wattenscheid"]
[Site "BL 0203"]
[Date "2003.02.09"]
[Round "11.7"]
[White "Dinstuhl, Volkmar"]
[Black "Stangl, Markus"]
[Result "1-0"]
[WhiteElo "2416"]
[BlackElo "2494"]
[PlyCount "69"]
[EventDate "2003.??.??"]

1. d4 d5 2. c4 e6 3. Nf3 c6 4. Qc2 dxc4 5. Qxc4 b5 6. Qc2 Bb7 7. e4 Nf6 8. Bd3
h6 9. O-O Nbd7 10. Nc3 a6 11. e5 Nd5 12. Nxd5 cxd5 13. Bf4 Be7 14. Qd2 Qb6 15.
Rfc1 Nb8 16. Be3 Nc6 17. Qe2 Rc8 18. Nd2 Nb4 19. Rxc8+ Bxc8 20. Rc1 O-O 21. Bb1
f5 22. exf6 Bxf6 23. Nf3 Rd8 24. a3 Nc6 25. Qd3 Ne7 26. Bf4 Bb7 27. Qh7+ Kf8
28. Re1 Ng8 29. Ne5 Bc6 30. Ng6+ Kf7 31. Be5 Be8 32. Nf4 Rc8 33. Nh5 Bxe5 34.
dxe5 Ke7 35. Qxg8 1-0

[Event "Tegernsee - Wattenscheid"]
[Site "BL 0203"]
[Date "2003.02.09"]
[Round "11.8"]
[White "Bromberger, Stefan"]
[Black "Straeter, Timo"]
[Result "1-0"]
[WhiteElo "2414"]
[BlackElo "2329"]
[PlyCount "71"]
[EventDate "2003.??.??"]

1. d4 f5 2. c4 Nf6 3. g3 e6 4. Bg2 c6 5. Qc2 d6 6. Nf3 e5 7. dxe5 dxe5 8. e4
Nxe4 9. O-O Bc5 10. Nc3 Nxc3 11. Qxc3 Nd7 12. Nxe5 O-O 13. Bf4 Nf6 14. Rad1 Qb6
15. Nd3 Bd4 16. Qc2 Ne4 17. c5 Qd8 18. Ne5 g5 19. Be3 Bxe5 20. Rxd8 Rxd8 21.
Bxe4 fxe4 22. Qxe4 Bf6 23. Qf3 Kg7 24. Rd1 Be6 25. Rd6 Rxd6 26. cxd6 Rd8 27. h4
Rxd6 28. Bxg5 Bxa2 29. Bxf6+ Rxf6 30. Qg4+ Kf7 31. Qd7+ Kg8 32. b3 Bxb3 33.
Qc8+ Kg7 34. Qxb7+ Bf7 35. g4 a5 36. Qb2 1-0

[Event "Forchheim - Solingen"]
[Site "BL 0203"]
[Date "2003.02.09"]
[Round "11.2"]
[White "Jansa, Vlastimil"]
[Black "Piket, Jeroen"]
[Result "0-1"]
[WhiteElo "2500"]
[BlackElo "2646"]
[PlyCount "82"]
[EventDate "2003.??.??"]

1. e4 e5 2. Nf3 Nc6 3. Bb5 a6 4. Ba4 Nf6 5. O-O Be7 6. Re1 b5 7. Bb3 d6 8. c3
O-O 9. h3 Na5 10. Bc2 c5 11. d4 Qc7 12. Nbd2 cxd4 13. cxd4 Rd8 14. d5 Bd7 15.
Nf1 Rdc8 16. Bd3 Nb7 17. Bd2 Nc5 18. Bc2 a5 19. Ng3 Bd8 20. Nh2 Qb7 21. Qf3 b4
22. Ng4 Nxg4 23. hxg4 a4 24. Bd1 g6 25. Bh6 Bb5 26. Re3 Ra7 27. Be2 Bxe2 28.
Qxe2 Qa6 29. Qd2 Qb5 30. Rf3 Qd7 31. Qxb4 Qxg4 32. Rc1 Rb7 33. Qa3 Rcb8 34. Nf5
Be7 35. Rxc5 dxc5 36. d6 Bf6 37. Qxc5 Qxe4 38. d7 Rxd7 39. Nd6 Qe1+ 40. Kh2 Be7
41. Rxf7 Bxd6 0-1